[Event "Barcelona Vila de Gracia Seniors 55+ op"]
[Site "Barcelona"]
[Date "2018.05.07"]
[Round "8"]
[White "Torralba Perez, Antonio"]
[Black "Mas Recorda, Pere"]
[Result "0-1"]
[WhiteElo "1703"]
[BlackElo "1907"]
[PlyCount "132"]
[EventDate "2018.03.05"]
[EventType "swiss"]
[EventRounds "9"]
[EventCountry "ESP"]
[SourceTitle "EXT 2019"]
[Source "ChessBase"]
[SourceDate "2018.10.10"]
[SourceVersion "1"]
[SourceVersionDate "2018.10.10"]
[SourceQuality "1"]

1. d4 e6 2. Nf3 d5 3. e3 Bd6 4. b3 Qe7 5. Bb2 Nd7 6. c4 c6 7. Bd3 Ngf6 8. Nbd2 e5 9. dxe5 Nxe5 10. Bxe5 Bxe5 11. Nxe5 Qxe5 12. 0-0 Bg4 13. Be2 Bxe2 14. Qxe2 0-0 15. Nf3 Qc7 16. Rfd1 Rad8 17. Rac1 Rfe8 18. Qc2 h6 19. h3 Qa5 20. Rd4 dxc4 21. Rxc4 Rd7 22. Ra4 Qb6 23. Qc4 Red8 24. Ne5 Rd1+ 25. Rxd1 Rxd1+ 26. Kh2 Qc7 27. Qf4 Nd5 28. Qg3 a6 29. Rg4 f6 30. Nf3 Qxg3+ 31. Kxg3 Nc3 32. Nd4 h5 33. Rh4 g6 34. Ne6 b5 35. Kf3 Nxa2 36. Rd4 Rxd4 37. Nxd4 c5 38. Ne6 c4 39. bxc4 bxc4 40. Ke2 Nc3+ 41. Ke1 g5 42. f3 Kf7 43. Nd4 Kg6 44. Kd2 Nd5 45. Nc2 h4 46. Na3 c3+ 47. Kd3 f5 48. Kd4 Nf6 49. Kxc3 g4 50. Kd4 gxf3 51. gxf3 Nh5 52. e4 fxe4 53. fxe4 Nf4 54. Nc4 Nxh3 55. e5 Ng5 56. Ke3 Kf5 57. Kf2 Ke6 58. Kg2 Kd5 59. Ne3+ Kxe5 60. Kf2 Ke4 61. Ng4 a5 62. Ke2 Kf4 63. Nf2 a4 64. Nd3+ Kg3 65. Kf1 a3 66. Nb4 Nf3 0-1

[Event "Crucero op 6th"]
[Site "Crucero"]
[Date "2017.11.02"]
[Round "7.2"]
[White "Torralba Perez, Antonio"]
[Black "Aledo Yanguas, David"]
[Result "0-1"]
[WhiteElo "1708"]
[BlackElo "1907"]
[PlyCount "40"]
[EventDate "2017.10.28"]
[EventType "swiss"]
[EventRounds "8"]
[EventCountry "ESP"]
[SourceTitle "EXT 2024"]
[Source "ChessBase"]
[SourceDate "2023.10.10"]
[SourceVersion "1"]
[SourceVersionDate "2023.10.10"]
[SourceQuality "1"]

1. e4 e6 2. Qe2 c5 3. Nf3 Nc6 4. Nc3 Nge7 5. a3 d5 6. exd5 Nxd5 7. Nxd5 Qxd5 8. Qc4 Bd6 9. Qxd5 exd5 10. Bb5 Bd7 11. Bxc6 Bxc6 12. d4 0-0 13. Be3 Rfe8 14. 0-0-0 c4 15. Rhe1 f6 16. g3 Kf7 17. Nh4 Bd7 18. f3 Bh3 19. Re2 g5 20. Ng2 Bxg2 0-1

[Event "Crucero op 6th"]
[Site "Crucero"]
[Date "2017.10.30"]
[Round "4.4"]
[White "Lozano Ruiz, David"]
[Black "Torralba Perez, Antonio"]
[Result "1-0"]
[WhiteElo "1819"]
[BlackElo "1708"]
[PlyCount "41"]
[EventDate "2017.10.28"]
[EventType "swiss"]
[EventRounds "8"]
[EventCountry "ESP"]
[SourceTitle "EXT 2024"]
[Source "ChessBase"]
[SourceDate "2023.10.10"]
[SourceVersion "1"]
[SourceVersionDate "2023.10.10"]
[SourceQuality "1"]

1. c4 Nf6 2. g3 e6 3. Bg2 c5 4. Nc3 d5 5. d3 Nc6 6. Bd2 Be7 7. Nf3 0-0 8. 0-0 a6 9. e3 Nb4 10. a3 Nxd3 11. Qc2 dxc4 12. Ne2 Rb8 13. Bc3 b5 14. Rfd1 Qb6 15. b3 Rd8 16. bxc4 bxc4 17. Rab1 Qc7 18. Qa4 Bb7 19. Ba5 Bc6 20. Bxc7 Bxa4 21. Bxd8 1-0

[Event "Crucero op 6th"]
[Site "Crucero"]
[Date "2017.10.29"]
[Round "3.4"]
[White "Torralba Perez, Antonio"]
[Black "Antolin Palenzuela, Francisco J"]
[Result "1-0"]
[WhiteElo "1708"]
[BlackElo "1405"]
[PlyCount "46"]
[EventDate "2017.10.28"]
[EventType "swiss"]
[EventRounds "8"]
[EventCountry "ESP"]
[SourceTitle "EXT 2024"]
[Source "ChessBase"]
[SourceDate "2023.10.10"]
[SourceVersion "1"]
[SourceVersionDate "2023.10.10"]
[SourceQuality "1"]

1. e4 c5 2. c3 Nc6 3. d4 cxd4 4. cxd4 e5 5. Nf3 Bb4+ 6. Bd2 Bxd2+ 7. Qxd2 Qe7 8. d5 Nd4 9. Nxd4 exd4 10. Qxd4 d6 11. Bb5+ Bd7 12. Bxd7+ Kxd7 13. 0-0 f6 14. Nc3 a6 15. Rfe1 Qf7 16. f4 Ne7 17. e5 dxe5 18. fxe5 fxe5 19. Rxe5 Rae8 20. Rf1 Qg8 21. Na4 Kd8 22. Qb6+ Kc8 23. d6 Nc6 1-0

[Event "Crucero op 6th"]
[Site "Crucero"]
[Date "2017.10.28"]
[Round "1.7"]
[White "Torralba Perez, Antonio"]
[Black "Claramunt Junjent, Maria"]
[Result "1-0"]
[WhiteElo "1708"]
[BlackElo "1201"]
[PlyCount "25"]
[EventDate "2017.10.28"]
[EventType "swiss"]
[EventRounds "8"]
[EventCountry "ESP"]
[SourceTitle "EXT 2024"]
[Source "ChessBase"]
[SourceDate "2023.10.10"]
[SourceVersion "1"]
[SourceVersionDate "2023.10.10"]
[SourceQuality "1"]

1. e4 e5 2. Nf3 d6 3. d4 f6 4. dxe5 fxe5 5. Nxe5 dxe5 6. Qh5+ Kd7 7. Bb5+ Kd6 8. 0-0 g6 9. Rd1+ Kc5 10. Qxe5+ Kb6 11. Rxd8 Nd7 12. Be3+ c5 13. Qxc5+ 1-0

[Event "Barcelona Tres Peons-D 45th"]
[Site "Barcelona"]
[Date "2016.04.29"]
[Round "3.4"]
[White "Pascual Soro, Antonio"]
[Black "Torralba Perez, Antonio"]
[Result "0-1"]
[WhiteElo "1663"]
[BlackElo "1671"]
[PlyCount "65"]
[EventDate "2016.04.15"]
[EventType "swiss"]
[EventRounds "9"]
[EventCountry "ESP"]
[SourceTitle "EXT 2024"]
[Source "ChessBase"]
[SourceDate "2023.10.10"]
[SourceVersion "1"]
[SourceVersionDate "2023.10.10"]
[SourceQuality "1"]

1. d4 d5 2. Nf3 Nf6 3. e3 Bg4 4. Qd3 e6 5. Qb5+ Nbd7 6. Qxb7 Bd6 7. Nbd2 0-0 8. h3 Bf5 9. Qc6 h6 10. Bd3 Bxd3 11. cxd3 e5 12. dxe5 Nxe5 13. Nxe5 Bxe5 14. Nf3 Bd6 15. 0-0 Re8 16. Bd2 Re6 17. Qc2 c5 18. b3 Rc8 19. Qb2 Bc7 20. Bc3 Ba5 21. Qd2 Bxc3 22. Qxc3 g5 23. Ne5 d4 24. exd4 cxd4 25. Qe1 Qe8 26. f4 gxf4 27. Rxf4 Rxe5 28. Qh4 Nd5 29. Qxh6 Nxf4 30. Qxf4 Re1+ 31. Rxe1 Qxe1+ 32. Kh2 Re8 33. Qxd4 0-1

[Event "Barcelona Tres Peons-D 45th"]
[Site "Barcelona"]
[Date "2016.04.15"]
[Round "1.3"]
[White "Molina Taberner, Jordi"]
[Black "Torralba Perez, Antonio"]
[Result "0-1"]
[WhiteElo "1435"]
[BlackElo "1671"]
[PlyCount "75"]
[EventDate "2016.04.15"]
[EventType "swiss"]
[EventRounds "9"]
[EventCountry "ESP"]
[SourceTitle "EXT 2024"]
[Source "ChessBase"]
[SourceDate "2023.10.10"]
[SourceVersion "1"]
[SourceVersionDate "2023.10.10"]
[SourceQuality "1"]

1. d4 d5 2. Bf4 e6 3. Nf3 c5 4. e3 Nc6 5. c3 Nf6 6. Bd3 Bd6 7. Bg3 Ne4 8. Nbd2 f5 9. Bxe4 fxe4 10. Ne5 0-0 11. Qg4 Nxe5 12. Bxe5 Bxe5 13. dxe5 Rf5 14. f4 b6 15. h4 Ba6 16. h5 Bd3 17. Rh3 d4 18. Rg3 Qd7 19. exd4 Raf8 20. 0-0-0 cxd4 21. c4 Rxf4 22. Qh3 R4f5 23. h6 g6 24. Re1 Qa4 25. b3 Qxa2 26. Rxd3 exd3 27. Qxd3 Qa1+ 28. Nb1 Rf2 29. Re2 Rf1+ 30. Kd2 Qxb1 31. Qxb1 Rxb1 32. Kc2 Rff1 33. Rd2 Rfc1+ 34. Kd3 Rxb3+ 35. Kxd4 Rbc3 36. Ke4 Rxc4+ 37. Kf3 R4c2 38. Kf2 0-1

[Event "Barcelona Sant Marti op-B 4th"]
[Site "Barcelona"]
[Date "2015.03.12"]
[Round "9"]
[White "Rastrollo Valverde, Lluis"]
[Black "Torralba Perez, Antonio"]
[Result "0-1"]
[WhiteElo "1830"]
[BlackElo "1773"]
[PlyCount "60"]
[EventDate "2015.01.15"]
[EventType "swiss"]
[EventRounds "9"]
[EventCountry "ESP"]
[SourceTitle "EXT 2016"]
[Source "ChessBase"]
[SourceDate "2015.10.08"]
[SourceVersion "1"]
[SourceVersionDate "2015.10.08"]
[SourceQuality "1"]

1. d4 e6 2. c4 f5 3. Nc3 Nf6 4. Nf3 d5 5. c5 c6 6. Bf4 Be7 7. e3 0-0 8. Bd3 b6 9. b4 Ne4 10. Qc2 a5 11. 0-0 axb4 12. Na4 bxc5 13. dxc5 Nd7 14. Nd4 Ndxc5 15. Nxc6 Qe8 16. Nxe7+ Qxe7 17. Nxc5 Nxc5 18. Be2 Ne4 19. Qc6 Bb7 20. Qb6 Rf7 21. Be5 Nc3 22. Bxc3 bxc3 23. Rfc1 Rc8 24. a4 Rc6 25. Qb3 Qf6 26. a5 c2 27. Bd3 Qxa1 28. Rxa1 c1Q+ 29. Rxc1 Rxc1+ 30. Bf1 Ba6 0-1

[Event "Barcelona Sant Marti op-B 4th"]
[Site "Barcelona"]
[Date "2015.02.19"]
[Round "6"]
[White "Poyato Duran, David"]
[Black "Torralba Perez, Antonio"]
[Result "0-1"]
[WhiteElo "1891"]
[BlackElo "1773"]
[PlyCount "62"]
[EventDate "2015.01.15"]
[EventType "swiss"]
[EventRounds "9"]
[EventCountry "ESP"]
[SourceTitle "EXT 2016"]
[Source "ChessBase"]
[SourceDate "2015.10.08"]
[SourceVersion "1"]
[SourceVersionDate "2015.10.08"]
[SourceQuality "1"]

1. d4 Nf6 2. c4 c5 3. d5 b5 4. b3 bxc4 5. bxc4 g6 6. Nd2 Bg7 7. Rb1 0-0 8. e4 d6 9. Bd3 Nbd7 10. f4 Qa5 11. a3 Ba6 12. Ngf3 Rfb8 13. Rxb8+ Rxb8 14. 0-0 Qb6 15. h3 e6 16. e5 dxe5 17. fxe5 Nxd5 18. Qe1 Ne7 19. Ne4 Qb3 20. Qe2 Nf5 21. g4 Nd4 22. Nxd4 cxd4 23. Nd2 Qb6 24. Nf3 Bb7 25. Ng5 Rf8 26. Bf4 Nc5 27. Rb1 Qc6 28. Rd1 h6 29. Ne4 Nxe4 30. Bxe4 Qxe4 31. Qd2 Qh1+ 0-1

[Event "Barcelona Sant Marti op-B 4th"]
[Site "Barcelona"]
[Date "2015.01.22"]
[Round "2"]
[White "Saez Lopez, Carlos"]
[Black "Torralba Perez, Antonio"]
[Result "1-0"]
[WhiteElo "1886"]
[BlackElo "1773"]
[PlyCount "57"]
[EventDate "2015.01.15"]
[EventType "swiss"]
[EventRounds "9"]
[EventCountry "ESP"]
[SourceTitle "EXT 2016"]
[Source "ChessBase"]
[SourceDate "2015.10.08"]
[SourceVersion "1"]
[SourceVersionDate "2015.10.08"]
[SourceQuality "1"]

1. d4 f5 2. Nf3 Nf6 3. e3 e6 4. Bd3 d5 5. 0-0 Bd6 6. c4 c6 7. Nc3 0-0 8. cxd5 exd5 9. Ne5 Ne4 10. f3 Nf6 11. Qc2 Nbd7 12. Nxd7 Bxd7 13. Bxf5 Bxf5 14. Qxf5 Ne4 15. Qe6+ Kh8 16. Nxe4 dxe4 17. Qxe4 Rf6 18. Bd2 Rh6 19. g3 Rg6 20. f4 Qh4 21. Qg2 Qg4 22. Rae1 h5 23. Rf3 Rf8 24. e4 h4 25. e5 Be7 26. h3 Qe6 27. g4 Qd7 28. f5 Rxf5 29. Rxf5 1-0

[Event "Barcelona Tardor op 2nd"]
[Site "Barcelona"]
[Date "2014.10.20"]
[Round "3"]
[White "Torralba Perez, Antonio"]
[Black "Gaona Gonzalez, Gerard"]
[Result "0-1"]
[WhiteElo "1786"]
[BlackElo "2072"]
[PlyCount "68"]
[EventDate "2014.10.06"]
[EventType "swiss"]
[EventRounds "8"]
[EventCountry "ESP"]
[SourceTitle "EXT 2016"]
[Source "ChessBase"]
[SourceDate "2015.10.08"]
[SourceVersion "1"]
[SourceVersionDate "2015.10.08"]
[SourceQuality "1"]

1. e4 d6 2. d4 Nd7 3. Nc3 e5 4. Nf3 Ngf6 5. Bg5 Be7 6. Bc4 0-0 7. 0-0 c6 8. Bb3 b5 9. Bxf6 Bxf6 10. a4 b4 11. Ne2 a5 12. Ng3 g6 13. c3 Ba6 14. Re1 c5 15. dxc5 Nxc5 16. Bd5 Rb8 17. c4 b3 18. Ne2 Rb4 19. Nc3 Qd7 20. Nd2 Bg5 21. Nf3 Bh6 22. Ra3 Rfb8 23. Nb5 Bf8 24. Ng5 Ne6 25. Qg4 Bc8 26. Re3 Qe7 27. Nxf7 Qxf7 28. Rf3 Qe7 29. Nc7 Qxc7 30. Bxe6+ Bxe6 31. Qxe6+ Kh8 32. Rf7 Qxc4 33. Qf6+ Kg8 34. Ra1 Qxf7 0-1

[Event "Barcelona Sant Marti op-B 13th"]
[Site "Barcelona"]
[Date "2011.07.14"]
[Round "2.10"]
[White "Bieg Pagel, Clemens"]
[Black "Torralba Perez, Antonio"]
[Result "1/2-1/2"]
[WhiteElo "1938"]
[BlackElo "1781"]
[PlyCount "54"]
[EventDate "2011.07.13"]
[EventType "swiss"]
[EventRounds "9"]
[EventCountry "ESP"]
[SourceTitle "EXT 2024"]
[Source "ChessBase"]
[SourceDate "2023.10.10"]
[SourceVersion "1"]
[SourceVersionDate "2023.10.10"]
[SourceQuality "1"]

1. e4 c5 2. Ne2 g6 3. g3 d5 4. Bg2 dxe4 5. Nbc3 f5 6. 0-0 Bg7 7. f3 exf3 8. Bxf3 Nf6 9. Nf4 0-0 10. Qe2 Kh8 11. Ne6 Bxe6 12. Qxe6 Ne4 13. Bxe4 fxe4 14. Rxf8+ Qxf8 15. Nxe4 Nc6 16. c3 Qf3 17. Ng5 Qd1+ 18. Kg2 Ne5 19. d4 Rf8 20. Bf4 Qxa1 21. dxe5 Qxb2+ 22. Kh3 Rxf4 23. gxf4 Qxc3+ 24. Kg2 Qd2+ 25. Kg3 Qd3+ 26. Nf3 Qd8 27. Kh4 Qf8 1/2-1/2